[Event "CAN-op"]
[Site "Edmonton CAN"]
[Date "2005.07.11"]
[Round "4"]
[White "Dzieciolowski, Piotr"]
[Black "Panteluk, Steven"]
[Result "1-0"]
[WhiteElo "1686"]
[BlackElo "1773"]
[PlyCount "139"]
[GameId "2160767910901585"]
[EventDate "2005.07.09"]
[EventType "swiss"]
[EventRounds "10"]
[EventCountry "CAN"]
[SourceTitle "CBM 107 Extra"]
[Source "ChessBase"]
[SourceDate "2005.09.01"]
[SourceVersion "1"]
[SourceVersionDate "2005.09.01"]
[SourceQuality "1"]

1. e4 e5 2. Nf3 Nc6 3. Bb5 d6 4. d4 Bg4 5. d5 a6 6. Bxc6+ bxc6 7. dxc6 g6 8. h3 Bxf3 9. Qxf3 Bg7 10. O-O Ne7 11. Bg5 O-O 12. Bxe7 Qxe7 13. Nd2 a5 14. Qd3 Rfb8 15. Nc4 Qe8 16. Qd5 a4 17. b3 Ra6 18. Na5 axb3 19. cxb3 Rba8 20. b4 Qb8 21. Nb7 Ra3 22. Rfb1 Qa7 23. Rb2 Qd4 24. Qxd4 exd4 25. Rd2 d3 26. Rb1 Rc3 27. Na5 Bh6 28. Rdd1 d2 29. Nb3 Rxa2 30. b5 Kf8 31. Kf1 Ke8 32. Ke2 Rcc2 33. g3 Rcb2 34. Rxb2 Rxb2 35. Nxd2 Bxd2 36. Rxd2 Rxb5 37. Rc2 Ke7 38. f4 Ke6 39. Kd3 f5 40. exf5+ Kxf5 41. Kd4 Rb3 42. Rc3 Rxc3 43. Kxc3 Ke4 44. Kc4 Kf3 45. Kd5 Kxg3 46. Ke6 d5 47. Kxd5 Kxf4 48. Ke6 Kg3 49. Kd7 Kxh3 50. Kxc7 g5 51. Kb6 g4 52. c7 h5 53. c8=Q h4 54. Qe6 Kg3 55. Qe3+ Kg2 56. Qe2+ Kg3 57. Qe1+ Kh3 58. Qh1+ Kg3 59. Qg1+ Kh3 60. Kc5 g3 61. Qh1+ Kg4 62. Kd4 h3 63. Qe4+ Kg5 64. Ke3 g2 65. Kf2 Kh5 66. Kg1 Kg5 67. Qd4 Kh5 68. Qf4 h2+ 69. Kxh2 g1=Q+ 70. Kxg1 1-0

[Event "CAN-op"]
[Site "Edmonton CAN"]
[Date "2005.07.11"]
[Round "4"]
[White "Enns, Edward"]
[Black "Beebe, Greg"]
[Result "0-1"]
[WhiteElo "1245"]
[BlackElo "1637"]
[PlyCount "52"]
[GameId "2160767910901586"]
[EventDate "2005.07.09"]
[EventType "swiss"]
[EventRounds "10"]
[EventCountry "CAN"]
[SourceTitle "CBM 107 Extra"]
[Source "ChessBase"]
[SourceDate "2005.09.01"]
[SourceVersion "1"]
[SourceVersionDate "2005.09.01"]
[SourceQuality "1"]

1. e4 c5 2. Nf3 d6 3. d4 cxd4 4. Nxd4 Nf6 5. Nc3 a6 6. Bd3 e5 7. Nb3 Be7 8. O-O Be6 9. Be3 Nbd7 10. Qd2 d5 11. f4 d4 12. fxe5 dxe3 13. Qxe3 Bxb3 14. Qg3 Be6 15. exf6 Bxf6 16. Rxf6 Qxf6 17. Re1 Qe5 18. Qf3 Nf6 19. h3 O-O 20. a3 Rac8 21. Nd1 Bc4 22. b4 Rfd8 23. Bxc4 Rxc4 24. Ne3 Rc3 25. Rd1 Rxd1+ 26. Qxd1 Rxe3 0-1

[Event "CAN-op"]
[Site "Edmonton CAN"]
[Date "2005.07.11"]
[Round "4"]
[White "Erickson, John"]
[Black "Yuan, Michael"]
[Result "0-1"]
[WhiteElo "1904"]
[BlackElo "2119"]
[PlyCount "80"]
[GameId "2160767910901587"]
[EventDate "2005.07.09"]
[EventType "swiss"]
[EventRounds "10"]
[EventCountry "CAN"]
[SourceTitle "CBM 107 Extra"]
[Source "ChessBase"]
[SourceDate "2005.09.01"]
[SourceVersion "1"]
[SourceVersionDate "2005.09.01"]
[SourceQuality "1"]

1. d4 Nf6 2. c4 e6 3. Nc3 Bb4 4. Nf3 b6 5. g3 Bb7 6. Bg2 c5 7. e3 O-O 8. O-O d5 9. cxd5 cxd4 10. Qxd4 Bc5 11. Qd1 exd5 12. Re1 Nc6 13. a3 Rc8 14. b4 Nxb4 15. axb4 Bxb4 16. Ba3 Bxc3 17. Bxf8 Bxa1 18. Qxa1 Kxf8 19. Qxa7 Qc7 20. Qa4 Ra8 21. Qb4+ Qc5 22. Qb1 Ba6 23. Rc1 Bc4 24. Ne5 Re8 25. Nf3 b5 26. Nd4 Ne4 27. Nb3 Qa3 28. Nd4 Bd3 29. Qa1 b4 30. Nc2 Bxc2 31. Qxa3 bxa3 32. Rxc2 Ra8 33. Rc1 a2 34. Ra1 Ke7 35. Bxe4 dxe4 36. Kf1 Kd6 37. Ke2 Kc5 38. Kd2 Kb4 39. Kc2 Ka3 40. Kc3 Rc8+ 0-1

[Event "CAN-op"]
[Site "Edmonton CAN"]
[Date "2005.07.11"]
[Round "4"]
[White "Escandor, Manuel Omana"]
[Black "Reichert, Wayne"]
[Result "1-0"]
[WhiteElo "1787"]
[BlackElo "1275"]
[PlyCount "43"]
[GameId "2160767910901588"]
[EventDate "2005.07.09"]
[EventType "swiss"]
[EventRounds "10"]
[EventCountry "CAN"]
[SourceTitle "CBM 107 Extra"]
[Source "ChessBase"]
[SourceDate "2005.09.01"]
[SourceVersion "1"]
[SourceVersionDate "2005.09.01"]
[SourceQuality "1"]

1. e4 c5 2. Nc3 e6 3. Bc4 d6 4. Nge2 Nf6 5. a3 Nc6 6. O-O Be7 7. Kh1 a6 8. Ng3 Ne5 9. Ba2 b5 10. d4 cxd4 11. Qxd4 Nc6 12. Qd1 O-O 13. f4 Qc7 14. Be3 Bb7 15. Nh5 g6 16. Ng3 Rad8 17. Nce2 Rfe8 18. f5 Bf8 19. fxg6 Bg7 20. Nh5 Qe7 21. Bg5 h6 22. Bxf6 1-0

[Event "CAN-op"]
[Site "Edmonton CAN"]
[Date "2005.07.11"]
[Round "4"]
[White "Faust, Steven"]
[Black "Meller, Marvin"]
[Result "1-0"]
[WhiteElo "1722"]
[BlackElo "1561"]
[PlyCount "43"]
[GameId "2160767910901589"]
[EventDate "2005.07.09"]
[EventType "swiss"]
[EventRounds "10"]
[EventCountry "CAN"]
[SourceTitle "CBM 107 Extra"]
[Source "ChessBase"]
[SourceDate "2005.09.01"]
[SourceVersion "1"]
[SourceVersionDate "2005.09.01"]
[SourceQuality "1"]

1. Nf3 d6 2. c4 e5 3. Nc3 Bf5 4. e4 Be6 5. d4 exd4 6. Nxd4 Bd7 7. Be2 g6 8. Bf3 c6 9. O-O Bg7 10. Nde2 Be6 11. b3 Nf6 12. Bb2 Nxe4 13. Bxe4 b5 14. cxb5 Qc7 15. Bf3 O-O 16. Rc1 d5 17. Ba3 Rd8 18. Nxd5 Bxd5 19. Bxd5 Rxd5 20. Qxd5 Qxh2+ 21. Kxh2 cxd5 22. Rc8+ 1-0

[Event "CAN-op"]
[Site "Edmonton CAN"]
[Date "2005.07.11"]
[Round "4"]
[White "Fokkema, Jerred"]
[Black "Corsmeier, Tom"]
[Result "1-0"]
[WhiteElo "1773"]
[BlackElo "1598"]
[PlyCount "83"]
[GameId "2160767910901590"]
[EventDate "2005.07.09"]
[EventType "swiss"]
[EventRounds "10"]
[EventCountry "CAN"]
[SourceTitle "CBM 107 Extra"]
[Source "ChessBase"]
[SourceDate "2005.09.01"]
[SourceVersion "1"]
[SourceVersionDate "2005.09.01"]
[SourceQuality "1"]

1. e4 e6 2. d4 d5 3. Nc3 c5 4. exd5 exd5 5. Nf3 Nf6 6. Bb5+ Nc6 7. O-O Be7 8. dxc5 Bxc5 9. Re1+ Be7 10. Qe2 Be6 11. Nd4 Bd7 12. Bxc6 bxc6 13. Bf4 Kf8 14. Be5 Bb4 15. Rad1 Bxc3 16. bxc3 Ne4 17. c4 f6 18. Qf3 Kg8 19. Bg3 h5 20. h3 Qa5 21. cxd5 cxd5 22. a3 Rc8 23. Nf5 Bxf5 24. Qxf5 Rd8 25. Rxe4 dxe4 26. Qxa5 Rxd1+ 27. Kh2 Rd7 28. Bb8 Kf7 29. Bf4 g5 30. Bxg5 Re8 31. Bf4 Kg6 32. c4 Rc8 33. c5 Rd5 34. Bd6 Ra8 35. Qc7 Rf5 36. Qb7 Re8 37. c6 Rxf2 38. c7 e3 39. c8=Q Rxc8 40. Qxc8 e2 41. Bb4 f5 42. Be1 1-0

[Event "CAN-op"]
[Site "Edmonton CAN"]
[Date "2005.07.11"]
[Round "4"]
[White "Ganguly, Surya Shekhar"]
[Black "Yoos, John"]
[Result "1-0"]
[WhiteElo "2636"]
[BlackElo "2442"]
[PlyCount "85"]
[GameId "2160767910901592"]
[EventDate "2005.07.09"]
[EventType "swiss"]
[EventRounds "10"]
[EventCountry "CAN"]
[SourceTitle "CBM 107 Extra"]
[Source "ChessBase"]
[SourceDate "2005.09.01"]
[SourceVersion "1"]
[SourceVersionDate "2005.09.01"]
[SourceQuality "1"]

1. e4 c5 2. Nf3 d6 3. d4 cxd4 4. Nxd4 Nf6 5. Nc3 Nc6 6. Bg5 Bd7 7. Qd2 Rc8 8. f4 h6 9. Bxf6 gxf6 10. Nf5 Qa5 11. Bd3 Nb4 12. a3 Nxd3+ 13. Qxd3 Qc5 14. O-O-O Qc4 15. Qg3 b5 16. Rd5 Qc7 17. Qd3 Qc4 18. Qe3 a5 19. Qb6 b4 20. axb4 axb4 21. Rd4 Qc5 22. Qxb4 Qxb4 23. Rxb4 e6 24. Nd4 d5 25. Rb7 Bc5 26. Rd1 Bxd4 27. Rxd4 Bc6 28. Ra7 e5 29. fxe5 fxe5 30. Rxd5 Bxd5 31. Nxd5 Kf8 32. Ne7 Rd8 33. Nc6 Rd6 34. Nxe5 Re6 35. Rxf7+ Kg8 36. Rf5 Rh7 37. Ng4 Ra7 38. b4 Kg7 39. Re5 Rc6 40. Ne3 Ra3 41. b5 Rcc3 42. b6 Rxe3 43. Kd2 1-0

[Event "CAN-op"]
[Site "Edmonton CAN"]
[Date "2005.07.11"]
[Round "4"]
[White "Gardner, Robert"]
[Black "Abrahams, Daniel"]
[Result "1/2-1/2"]
[WhiteElo "2221"]
[BlackElo "1946"]
[PlyCount "98"]
[GameId "2160767910901593"]
[EventDate "2005.07.09"]
[EventType "swiss"]
[EventRounds "10"]
[EventCountry "CAN"]
[SourceTitle "CBM 107 Extra"]
[Source "ChessBase"]
[SourceDate "2005.09.01"]
[SourceVersion "1"]
[SourceVersionDate "2005.09.01"]
[SourceQuality "1"]

1. g3 Nf6 2. Bg2 e6 3. f4 d5 4. Nf3 c5 5. O-O Nc6 6. c4 Be7 7. b3 Qb6 8. e3 O-O 9. d3 dxc4 10. bxc4 Rd8 11. Qe2 Qc7 12. Bb2 b6 13. Nc3 Bb7 14. Rfd1 a6 15. Rab1 Rab8 16. Ba1 Ba8 17. Ng5 Nb4 18. Bxa8 Rxa8 19. a3 Nc6 20. Nce4 Nxe4 21. Nxe4 Rab8 22. Qg4 Bf8 23. Nf6+ Kh8 24. Qh4 h6 25. Ng4 Kg8 26. f5 exf5 27. Nxh6+ gxh6 28. Qf6 Nd4 29. exd4 Bg7 30. Qxf5 cxd4 31. Rf1 Rd6 32. Rbe1 Rf6 33. Qg4 Rxf1+ 34. Rxf1 Rd8 35. Rf4 Qc5 36. Qf5 Qxa3 37. Qxf7+ Kh8 38. Rf1 Rf8 39. Qg6 Rxf1+ 40. Kxf1 Qxa1+ 41. Kg2 Qa4 42. Qxb6 Qc2+ 43. Kh3 Qxd3 44. Qxa6 Qf5+ 45. Kg2 Qc2+ 46. Kh3 d3 47. Qc8+ Kh7 48. Qf5+ Kg8 49. Qe6+ Kh7 1/2-1/2

[Event "CAN-op"]
[Site "Edmonton CAN"]
[Date "2005.07.11"]
[Round "4"]
[White "Gokhale, Anupama"]
[Black "Boron, Anthony"]
[Result "1/2-1/2"]
[WhiteElo "2243"]
[BlackElo "1966"]
[PlyCount "67"]
[GameId "2160767910901596"]
[EventDate "2005.07.09"]
[EventType "swiss"]
[EventRounds "10"]
[EventCountry "CAN"]
[SourceTitle "CBM 107 Extra"]
[Source "ChessBase"]
[SourceDate "2005.09.01"]
[SourceVersion "1"]
[SourceVersionDate "2005.09.01"]
[SourceQuality "1"]

1. d4 Nf6 2. c4 e6 3. g3 Bb4+ 4. Nd2 c5 5. a3 Bxd2+ 6. Qxd2 cxd4 7. Nf3 Nc6 8. Nxd4 Nxd4 9. Qxd4 d5 10. Bg2 O-O 11. O-O Qe7 12. Bg5 dxc4 13. Qxc4 e5 14. Rac1 h6 15. Be3 Re8 16. Rfd1 Bg4 17. h3 Rac8 18. Qb5 Rxc1 19. Rxc1 a6 20. Qxb7 Qxb7 21. Bxb7 Bxe2 22. b4 Re7 23. Bc6 Rc7 24. a4 Nd7 25. a5 Nb8 26. Be4 Rxc1+ 27. Bxc1 Bb5 28. Be3 Kf8 29. Bc5+ Ke8 30. Bd6 Nc6 31. f3 g6 32. Kf2 Kd7 33. Bc5 Ke6 34. Bxc6 1/2-1/2

[Event "CAN-op"]
[Site "Edmonton CAN"]
[Date "2005.07.11"]
[Round "4"]
[White "Gonzalez, Ivan1"]
[Black "Mrugala, David"]
[Result "1-0"]
[WhiteElo "1839"]
[BlackElo "1627"]
[PlyCount "76"]
[GameId "2160767910901597"]
[EventDate "2005.07.09"]
[EventType "swiss"]
[EventRounds "10"]
[EventCountry "CAN"]
[SourceTitle "CBM 107 Extra"]
[Source "ChessBase"]
[SourceDate "2005.09.01"]
[SourceVersion "1"]
[SourceVersionDate "2005.09.01"]
[SourceQuality "1"]

1. Nf3 c6 2. d4 d5 3. c4 Nf6 4. Nc3 Bf5 5. Bf4 e6 6. h3 Bd6 7. Ne5 Bxe5 8. Bxe5 dxc4 9. f3 Nbd7 10. Bg3 O-O 11. e4 Bg6 12. Bxc4 Nb6 13. Bb3 Nfd7 14. Ne2 Rc8 15. Nf4 Qg5 16. Kf2 Qe7 17. h4 h6 18. a3 Bh7 19. h5 Kh8 20. Qd2 e5 21. Bh4 Qe8 22. Ne2 f5 23. exf5 Bxf5 24. Ng3 Be6 25. Bc2 e4 26. Bxe4 Nc4 27. Qc2 Bd5 28. Rae1 Qf7 29. Be7 Bxe4 30. Rxe4 Rfe8 31. Rhe1 Ndb6 32. b3 Nd5 33. bxc4 Rxe7 34. cxd5 Rxe4 35. Qxe4 cxd5 36. Qe6 Qf8 37. Nf5 Kh7 38. Ne7 Qf4 1-0

[Event "CAN-op"]
[Site "Edmonton CAN"]
[Date "2005.07.11"]
[Round "4"]
[White "Gorelik, Lev"]
[Black "Jiang, Louie"]
[Result "0-1"]
[WhiteElo "2147"]
[BlackElo "1895"]
[PlyCount "76"]
[GameId "2160767910901598"]
[EventDate "2005.07.09"]
[EventType "swiss"]
[EventRounds "10"]
[EventCountry "CAN"]
[SourceTitle "CBM 107 Extra"]
[Source "ChessBase"]
[SourceDate "2005.09.01"]
[SourceVersion "1"]
[SourceVersionDate "2005.09.01"]
[SourceQuality "1"]

1. e4 c5 2. Nc3 d6 3. f4 Nc6 4. Nf3 Nf6 5. d3 e6 6. Bd2 Be7 7. g3 O-O 8. Bg2 Rb8 9. a4 a6 10. O-O Qc7 11. Kh1 b5 12. axb5 axb5 13. h3 b4 14. Ne2 Bb7 15. g4 c4 16. g5 cxd3 17. cxd3 Nd7 18. Ng3 Qb6 19. f5 Ba6 20. f6 gxf6 21. gxf6 Bxf6 22. Ng5 Bxg5 23. Bxg5 Qb5 24. Bh6 Nce5 25. d4 Ng6 26. Bxf8 Rxf8 27. Qg4 Qb6 28. Rfd1 Kh8 29. Nh5 Rg8 30. Bf1 Bxf1 31. Rxf1 Qxd4 32. Rg1 Nde5 33. Qe2 Nd3 34. Raf1 Rf8 35. Nf6 Ndf4 36. Qe1 Qxf6 37. Qxb4 Qh4 38. Qc3+ e5 0-1

[Event "CAN-op"]
[Site "Edmonton CAN"]
[Date "2005.07.11"]
[Round "4"]
[White "Gulati, Justin"]
[Black "Lynn, Jim"]
[Result "1-0"]
[WhiteElo "2122"]
[BlackElo "1871"]
[PlyCount "65"]
[GameId "2160767910901599"]
[EventDate "2005.07.09"]
[EventType "swiss"]
[EventRounds "10"]
[EventCountry "CAN"]
[SourceTitle "CBM 107 Extra"]
[Source "ChessBase"]
[SourceDate "2005.09.01"]
[SourceVersion "1"]
[SourceVersionDate "2005.09.01"]
[SourceQuality "1"]

1. e4 d5 2. exd5 Nf6 3. d4 Bg4 4. Nf3 Qxd5 5. Be2 Nc6 6. c4 Qf5 7. h3 Bxf3 8. Bxf3 O-O-O 9. Bxc6 bxc6 10. O-O Qa5 11. Nc3 e5 12. Qf3 exd4 13. Ne4 Nxe4 14. Qxe4 Qc5 15. b4 Qxc4 16. Bg5 f6 17. Rfc1 Qd5 18. Qg4+ Rd7 19. Bd2 Bd6 20. Rc2 f5 21. Qd1 d3 22. Rc3 Be5 23. Rc5 Qe6 24. Rac1 Qxa2 25. Rxe5 Qa6 26. Qf3 g6 27. Rxc6 Qb7 28. b5 Rd6 29. Qe3 Rhd8 30. Rec5 Rxc6 31. bxc6 Qb1+ 32. Rc1 Qb3 33. Qxa7 1-0

[Event "CAN-op"]
[Site "Edmonton CAN"]
[Date "2005.07.11"]
[Round "4"]
[White "Haley, Phil"]
[Black "Robertson, Trevor"]
[Result "1/2-1/2"]
[WhiteElo "1772"]
[BlackElo "1597"]
[PlyCount "142"]
[GameId "2160767910901600"]
[EventDate "2005.07.09"]
[EventType "swiss"]
[EventRounds "10"]
[EventCountry "CAN"]
[SourceTitle "CBM 107 Extra"]
[Source "ChessBase"]
[SourceDate "2005.09.01"]
[SourceVersion "1"]
[SourceVersionDate "2005.09.01"]
[SourceQuality "1"]

1. d4 d5 2. Nf3 Nf6 3. Bf4 Bf5 4. e3 e6 5. c3 Bd6 6. Ne5 Bxe5 7. Bxe5 Nbd7 8. Bf4 O-O 9. Nd2 c6 10. Be2 Re8 11. g4 Bg6 12. h4 h6 13. g5 hxg5 14. Bxg5 e5 15. Nf1 Qb6 16. dxe5 Rxe5 17. Qb3 Bh5 18. Bxh5 Nxh5 19. Qd1 Ndf6 20. Bxf6 Nxf6 21. Qc2 Nh5 22. O-O-O Rae8 23. Nh2 Re4 24. Nf3 f6 25. Rhg1 Qc7 26. Nd4 Qd7 27. Qe2 Rxh4 28. Rg6 Nf4 29. Qc2 Nxg6 30. Qxg6 Qf7 31. Qg3 Rh5 32. Qf4 c5 33. Nf5 Re5 34. Ng3 Rh7 35. Rg1 Qg6 36. Ne2 Qh6 37. Qa4 a6 38. Qd7 g5 39. Qd8+ Qf8 40. Qa5 d4 41. Qa4 Qd6 42. cxd4 cxd4 43. Nxd4 Rc7+ 44. Kb1 Qd5 45. Qd1 Qe4+ 46. Ka1 Kg7 47. Qd2 Rd5 48. Qd1 Kg6 49. Rh1 Rh7 50. Rxh7 Kxh7 51. Qc1 Kg6 52. a3 b5 53. Qc8 Rxd4 54. exd4 Qxd4 55. Qxa6 b4 56. axb4 Qxb4 57. Qd3+ Kf7 58. Qh7+ Ke6 59. Qg8+ Ke5 60. Qe8+ Kf4 61. Qe3+ Kf5 62. Qd3+ Ke6 63. Qe2+ Kf7 64. Qh5+ Kg7 65. Qe2 Qc5 66. Qf3 Qa5+ 67. Kb1 Kg6 68. Kc1 Qc5+ 69. Kd2 Qb4+ 70. Kc2 Qc5+ 71. Kd2 Qb4+ 1/2-1/2

[Event "CAN-op"]
[Site "Edmonton CAN"]
[Date "2005.07.11"]
[Round "4"]
[White "Hughey, Micah"]
[Black "Davidson, Brian"]
[Result "1-0"]
[WhiteElo "2027"]
[BlackElo "1758"]
[PlyCount "93"]
[GameId "2160767910901602"]
[EventDate "2005.07.09"]
[EventType "swiss"]
[EventRounds "10"]
[EventCountry "CAN"]
[SourceTitle "CBM 107 Extra"]
[Source "ChessBase"]
[SourceDate "2005.09.01"]
[SourceVersion "1"]
[SourceVersionDate "2005.09.01"]
[SourceQuality "1"]

1. e4 c5 2. c3 d6 3. d4 cxd4 4. cxd4 Nf6 5. Nc3 a6 6. Nf3 Bg4 7. h3 Bh5 8. Be2 e6 9. O-O Be7 10. Be3 O-O 11. Qb3 Qd7 12. Rfd1 Bg6 13. Ne5 dxe5 14. dxe5 Qc7 15. exf6 Bxf6 16. Rac1 Nc6 17. Bc5 Rfd8 18. Bb6 Rxd1+ 19. Rxd1 Qe7 20. f3 Be5 21. Na4 Qf6 22. Be3 b5 23. Nb6 Nd4 24. Rxd4 Bxd4 25. Nxa8 Qd8 26. Bxd4 Qxd4+ 27. Kf1 Qd8 28. a4 Qxa8 29. axb5 axb5 30. Qxb5 Qa1+ 31. Kf2 Qa7+ 32. Kf1 Qa1+ 33. Kf2 Qa7+ 34. Kg3 Qc7+ 35. e5 f6 36. f4 Qa7 37. Bf3 Qc7 38. Qc6 Qe7 39. Qc8+ Kf7 40. Qb7 Qxb7 41. Bxb7 Ke7 42. Kf3 Kd7 43. Be4 f5 44. Bd3 Kc6 45. Bc4 Bf7 46. b4 h5 47. Kg3 1-0

[Event "CAN-op"]
[Site "Edmonton CAN"]
[Date "2005.07.11"]
[Round "4"]
[White "Ingram, Richard"]
[Black "Hyseni, Astrit"]
[Result "1-0"]
[WhiteElo "2056"]
[BlackElo "1805"]
[PlyCount "83"]
[GameId "2160767910901603"]
[EventDate "2005.07.09"]
[EventType "swiss"]
[EventRounds "10"]
[EventCountry "CAN"]
[SourceTitle "CBM 107 Extra"]
[Source "ChessBase"]
[SourceDate "2005.09.01"]
[SourceVersion "1"]
[SourceVersionDate "2005.09.01"]
[SourceQuality "1"]

1. e4 g6 2. d4 e6 3. Nf3 Bg7 4. Be2 Nf6 5. e5 Nd5 6. c4 Ne7 7. b4 d6 8. Qb3 Nd7 9. exd6 cxd6 10. Bb2 b6 11. Na3 a6 12. Rd1 d5 13. cxd5 Nxd5 14. Nc4 Qe7 15. a3 O-O 16. Nfe5 Bb7 17. Bf3 Rab8 18. Nxd7 Qxd7 19. O-O Rfd8 20. Ne5 Qe7 21. Be4 Nf6 22. Bc6 Rd6 23. b5 Nd5 24. a4 Rbd8 25. Bxb7 Bxe5 26. Bxd5 Bxh2+ 27. Kxh2 Rxd5 28. Qg3 Ra8 29. bxa6 Rxa6 30. Qb8+ Kg7 31. Ra1 Qh4+ 32. Kg1 Rh5 33. d5+ Kh6 34. Qf8+ Kg5 35. Qe7+ Kf5 36. Qxh4 Rxh4 37. d6 Rb4 38. d7 Ra8 39. Rfd1 Rd8 40. Bc3 Rc4 41. a5 Rxc3 42. a6 1-0

[Event "CAN-op"]
[Site "Edmonton CAN"]
[Date "2005.07.11"]
[Round "4"]
[White "Klein, Felix"]
[Black "Peterson, Curtis"]
[Result "1-0"]
[WhiteElo "2123"]
[BlackElo "1884"]
[PlyCount "33"]
[GameId "2160767910901605"]
[EventDate "2005.07.09"]
[EventType "swiss"]
[EventRounds "10"]
[EventCountry "CAN"]
[SourceTitle "CBM 107 Extra"]
[Source "ChessBase"]
[SourceDate "2005.09.01"]
[SourceVersion "1"]
[SourceVersionDate "2005.09.01"]
[SourceQuality "1"]

1. e4 c5 2. Nf3 d6 3. d4 cxd4 4. Nxd4 Nf6 5. Nc3 a6 6. Be3 Ng4 7. Bg5 h6 8. Bh4 g5 9. Bg3 Bg7 10. Be2 h5 11. Nf5 Bxf5 12. exf5 Qa5 13. O-O Nf6 14. Re1 Nc6 15. Bxd6 exd6 16. Qxd6 Qd8 17. Bb5+ 1-0

[Event "CAN-op"]
[Site "Edmonton CAN"]
[Date "2005.07.11"]
[Round "4"]
[White "Klein, Gernot"]
[Black "Wihnon, Jason"]
[Result "1-0"]
[WhiteElo "2023"]
[BlackElo "1723"]
[PlyCount "113"]
[GameId "2160767910901606"]
[EventDate "2005.07.09"]
[EventType "swiss"]
[EventRounds "10"]
[EventCountry "CAN"]
[SourceTitle "CBM 107 Extra"]
[Source "ChessBase"]
[SourceDate "2005.09.01"]
[SourceVersion "1"]
[SourceVersionDate "2005.09.01"]
[SourceQuality "1"]

1. e4 c5 2. Nf3 d6 3. d4 cxd4 4. Nxd4 Nf6 5. Nc3 g6 6. Be3 Bg7 7. f3 O-O 8. Qd2 Nc6 9. Bc4 Bd7 10. Bb3 Qa5 11. O-O-O Rfc8 12. Kb1 Ne5 13. h4 Nc4 14. Bxc4 Rxc4 15. h5 Nxh5 16. g4 Nf6 17. Nb3 Qc7 18. e5 Rxc3 19. exf6 Bxf6 20. bxc3 Qxc3 21. Qc1 Rc8 22. Bd4 Bxd4 23. Rxd4 Be6 24. Rd3 Qxd3 25. cxd3 Rxc1+ 26. Rxc1 Bd5 27. f4 Kg7 28. Rc7 Kf6 29. Kc2 h5 30. gxh5 gxh5 31. Nd2 Kf5 32. Rxe7 Kxf4 33. Kd1 h4 34. Ke1 h3 35. Nf1 Kg5 36. a3 Kf6 37. Re3 Be6 38. Kf2 Ke7 39. Nh2 Kd7 40. Nf3 Kc6 41. Nd4+ Kd7 42. Nxe6 fxe6 43. Rxh3 Kc6 44. Ke3 b5 45. Kd4 a5 46. Kc3 Kd5 47. Rh4 e5 48. Rg4 Kc5 49. Rg8 b4+ 50. axb4+ axb4+ 51. Kd2 Kd4 52. Rb8 Kc5 53. Ke3 d5 54. Re8 Kd6 55. Kd2 Kc5 56. Rxe5 Kd4 57. Re8 1-0

[Event "CAN-op"]
[Site "Edmonton CAN"]
[Date "2005.07.11"]
[Round "4"]
[White "Kuczaj, Chris"]
[Black "Seehagen, Terry"]
[Result "1-0"]
[WhiteElo "1904"]
[BlackElo "1608"]
[PlyCount "61"]
[GameId "2160767910901608"]
[EventDate "2005.07.09"]
[EventType "swiss"]
[EventRounds "10"]
[EventCountry "CAN"]
[SourceTitle "CBM 107 Extra"]
[Source "ChessBase"]
[SourceDate "2005.09.01"]
[SourceVersion "1"]
[SourceVersionDate "2005.09.01"]
[SourceQuality "1"]

1. c4 Nf6 2. Nc3 b6 3. e4 e5 4. Nf3 Nc6 5. Bd3 Bb7 6. a3 Bc5 7. O-O a5 8. Nd5 O-O 9. Bc2 Re8 10. d3 Ne7 11. Nxf6+ gxf6 12. Nh4 d5 13. cxd5 Bc8 14. Be3 Bd6 15. Ba4 Rf8 16. Bh6 Kh8 17. Bxf8 Qxf8 18. Bc6 Rb8 19. Kh1 Qh6 20. g3 Bh3 21. Re1 Rg8 22. Ba4 Bc5 23. Qf3 Bg4 24. Qg2 Qd2 25. f3 Qxg2+ 26. Kxg2 Bh5 27. Rac1 Ng6 28. Nxg6+ Bxg6 29. Rxc5 bxc5 30. Rc1 c4 31. Rxc4 1-0

[Event "CAN-op"]
[Site "Edmonton CAN"]
[Date "2005.07.11"]
[Round "4"]
[White "Laboucane, Randy"]
[Black "Bertrand, Daryl"]
[Result "0-1"]
[WhiteElo "1626"]
[BlackElo "1987"]
[PlyCount "94"]
[GameId "2160767910901609"]
[EventDate "2005.07.09"]
[EventType "swiss"]
[EventRounds "10"]
[EventCountry "CAN"]
[SourceTitle "CBM 107 Extra"]
[Source "ChessBase"]
[SourceDate "2005.09.01"]
[SourceVersion "1"]
[SourceVersionDate "2005.09.01"]
[SourceQuality "1"]

1. d4 Nf6 2. c4 g6 3. Nc3 Bg7 4. e4 d6 5. f3 O-O 6. Be3 a6 7. Qd2 c6 8. g4 b5 9. cxb5 axb5 10. h4 h5 11. g5 Nfd7 12. Bh3 Nb6 13. b3 Bxh3 14. Nxh3 Qd7 15. Rd1 Rc8 16. Ne2 Qa7 17. Nc1 d5 18. e5 N8d7 19. Nf4 e6 20. Qc2 Nf8 21. Nfd3 Nbd7 22. f4 Nh7 23. Rh2 Bf8 24. b4 Nb6 25. Nc5 Nc4 26. Bd2 Bxc5 27. bxc5 Qa3 28. Qc3 Nb2 29. Rh3 Qxc3 30. Rxc3 Ra4 31. Be3 Nxd1 32. Kxd1 Rca8 33. Rc2 Ra3 34. Kd2 Nf8 35. Rb2 Nd7 36. Rb3 Nb8 37. Kc2 R3a4 38. Kb2 Kf8 39. a3 Na6 40. Nd3 Ke7 41. Bg1 Kd7 42. Be3 Nc7 43. Bg1 Ne8 44. Nc1 Ng7 45. Ne2 Nf5 46. Bf2 Kc7 47. Ka2 b4 0-1

[Event "CAN-op"]
[Site "Edmonton CAN"]
[Date "2005.07.11"]
[Round "4"]
[White "Lacroix, Peter"]
[Black "Hagan, Jeff"]
[Result "0-1"]
[WhiteElo "1688"]
[BlackElo "1538"]
[PlyCount "84"]
[GameId "2160767910901610"]
[EventDate "2005.07.09"]
[EventType "swiss"]
[EventRounds "10"]
[EventCountry "CAN"]
[SourceTitle "CBM 107 Extra"]
[Source "ChessBase"]
[SourceDate "2005.09.01"]
[SourceVersion "1"]
[SourceVersionDate "2005.09.01"]
[SourceQuality "1"]

1. f4 d5 2. b3 c5 3. Bb2 d4 4. Nf3 Nc6 5. g3 Qc7 6. Bg2 Bf5 7. O-O Nf6 8. Na3 a6 9. Nh4 Be4 10. Nf3 e5 11. Nxe5 Bxg2 12. Kxg2 Nxe5 13. fxe5 Qxe5 14. Nc4 Qc7 15. e3 O-O-O 16. Qf3 Be7 17. e4 Rhf8 18. a4 Bd6 19. d3 Kb8 20. Bc1 Nd7 21. Qh5 Ne5 22. Nxe5 Bxe5 23. Qxh7 Rh8 24. Qf5 f6 25. Bf4 Rde8 26. Qg6 Qd7 27. h4 Qc7 28. Rf2 Bxf4 29. Rxf4 Re5 30. Rf5 Rh6 31. Qg4 Rxf5 32. Qxf5 Qa5 33. Rf1 Qc7 34. Kh3 g5 35. Qg4 a5 36. h5 Qf7 37. Kg2 Rxh5 38. Rxf6 Qh7 39. Rf2 Rh2+ 40. Kf3 Qf7+ 41. Qf5 Qh5+ 42. Qg4 Rxf2+ 0-1

[Event "CAN-op"]
[Site "Edmonton CAN"]
[Date "2005.07.11"]
[Round "4"]
[White "Lane, Travis"]
[Black "Chan, Michael2"]
[Result "1-0"]
[WhiteElo "2037"]
[BlackElo "1700"]
[PlyCount "65"]
[GameId "2160767910901611"]
[EventDate "2005.07.09"]
[EventType "swiss"]
[EventRounds "10"]
[EventCountry "CAN"]
[SourceTitle "CBM 107 Extra"]
[Source "ChessBase"]
[SourceDate "2005.09.01"]
[SourceVersion "1"]
[SourceVersionDate "2005.09.01"]
[SourceQuality "1"]

1. e4 e5 2. f4 exf4 3. Nf3 d5 4. exd5 Nf6 5. Bb5+ c6 6. dxc6 bxc6 7. Be2 Bd6 8. d4 O-O 9. O-O Re8 10. Ne5 Ba6 11. Bxa6 Nxa6 12. Bxf4 Qb6 13. Nc4 Qxd4+ 14. Qxd4 Bc5 15. Qxc5 Nxc5 16. Nc3 Rad8 17. Rad1 h6 18. Rxd8 Rxd8 19. Bxh6 Nd5 20. Bg5 f6 21. Bh4 Nb4 22. Rd1 Rxd1+ 23. Nxd1 Nxc2 24. Nde3 Nb4 25. a3 Nbd3 26. b4 Na4 27. Nf5 g5 28. Bf2 Nxf2 29. Kxf2 Kf7 30. Nfd6+ Ke6 31. Ke3 Nc3 32. Kd4 Nb5+ 33. Nxb5 1-0